[Event "International Tournament "]
[Site "Paracin, Hotel "]
[Date "2017.07.13"]
[Round "8.28"]
[White "Matovic, Mihajlo Z"]
[Black "Tica, Sven"]
[Result "1-0"]
[WhiteElo "2266"]
[BlackElo "2333"]
[PlyCount "85"]
[EventDate "2017.07.07"]

1. Nf3 d5 2. c4 e6 3. g3 Nf6 4. Bg2 Be7 5. O-O O-O 6. d4 c6 7. Qc2 b6 8. Rd1
Bb7 9. Nc3 Nbd7 10. b3 Rc8 11. e4 dxe4 12. Nxe4 c5 13. Nxf6+ Bxf6 14. Ng5 Bxg5
15. Bxb7 Rc7 16. dxc5 Bf6 17. Bb2 Bxb2 18. Qxb2 Rxb7 19. c6 Rc7 20. cxd7 Rxd7
21. Qe2 g6 22. Rxd7 Qxd7 23. Rd1 Qc7 24. Qd2 Re8 25. Qd7 Re7 26. Qd8+ Kg7 27.
Qd4+ e5 28. Qd5 f5 29. b4 Qb7 30. Qd6 Qc7 31. Qd5 Qb7 32. c5 Qxd5 33. Rxd5 bxc5
34. Rxc5 e4 35. Kf1 Kf6 36. Ke2 Rd7 37. h4 Ke6 38. a4 a6 39. Rc6+ Rd6 40. Rxd6+
Kxd6 41. Ke3 Kd5 42. Kf4 Kc4 43. Kg5 1-0

[Event "International Tournament "]
[Site "Paracin, Hotel "]
[Date "2017.07.13"]
[Round "8.29"]
[White "Marjanovic, Annamaria"]
[Black "Ozenir, Ekin Baris"]
[Result "1/2-1/2"]
[WhiteElo "2331"]
[BlackElo "2098"]
[PlyCount "102"]
[EventDate "2017.07.07"]

1. c4 e5 2. g3 Nc6 3. Bg2 g6 4. Nc3 Bg7 5. Rb1 a5 6. a3 Nf6 7. b4 axb4 8. axb4
O-O 9. d3 d6 10. b5 Ne7 11. Nf3 h6 12. O-O Be6 13. Bb2 Nd7 14. Nd2 c6 15. Ra1
Qc7 16. Qb3 Nc5 17. Qc2 f5 18. Ba3 e4 19. dxe4 Nxe4 20. Ndxe4 fxe4 21. Qxe4 Bf5
22. Qe3 Kh7 23. Bb2 d5 24. cxd5 cxd5 25. Na4 Bxb2 26. Nxb2 Rae8 27. Rfc1 Qd6
28. Qd4 Bd7 29. b6 Nc6 30. Qxd5 Qxd5 31. Bxd5 Rxe2 32. Nd3 Rf5 33. Nf4 Re7 34.
Ra7 Nd4 35. Rd1 Rxf4 36. Rxb7 Ne2+ 37. Kh1 Rd4 38. Rxd4 Nxd4 39. Ra7 Nc6 40.
Rxd7 Rxd7 41. Bxc6 Rd3 42. b7 Rb3 43. Kg2 Kg7 44. Be4 Kf6 45. f4 g5 46. Kf2
gxf4 47. gxf4 Ke6 48. Bg2 Kd6 49. h3 Ke6 50. Bf3 Kd6 51. Kg3 Ke6 1/2-1/2

[Event "International Tournament "]
[Site "Paracin, Hotel "]
[Date "2017.07.13"]
[Round "8.30"]
[White "Pantelic, Sasa"]
[Black "Pecurica, Milos"]
[Result "1/2-1/2"]
[WhiteElo "2358"]
[BlackElo "2255"]
[PlyCount "62"]
[EventDate "2017.07.07"]

1. d4 d5 2. c4 c6 3. cxd5 cxd5 4. Nc3 Nf6 5. Bf4 Nc6 6. e3 Bf5 7. Qb3 Na5 8.
Qa4+ Bd7 9. Qc2 Rc8 10. Bd3 e6 11. Nf3 Be7 12. O-O Nc6 13. a3 Nh5 14. Be5 Nxe5
15. Nxe5 g6 16. Qb3 Bc6 17. Rac1 O-O 18. Na4 Bxa4 19. Qxa4 a6 20. Qb3 Rb8 21.
Rc3 Nf6 22. Rfc1 Bd6 23. Qa4 Qe8 24. Qd1 Nd7 25. f4 f6 26. Nxd7 Qxd7 27. Qg4 f5
28. Qe2 Rbc8 29. Qc2 Rxc3 30. Qxc3 Kf7 31. b4 Ra8 1/2-1/2

[Event "International Tournament "]
[Site "Paracin, Hotel "]
[Date "2017.07.13"]
[Round "8.31"]
[White "Tosic, Srecko"]
[Black "Cvetkovic, Nemanja"]
[Result "0-1"]
[WhiteElo "2326"]
[BlackElo "2244"]
[PlyCount "64"]
[EventDate "2017.07.07"]

1. e4 Nf6 2. e5 Nd5 3. d4 d6 4. Nf3 dxe5 5. Nxe5 c6 6. Bc4 g6 7. O-O Bg7 8. Nd2
O-O 9. Re1 Nb6 10. c3 Nxc4 11. Ndxc4 Be6 12. Qe2 Nd7 13. Bf4 Re8 14. Ng4 c5 15.
dxc5 Nxc5 16. Nge5 Qc8 17. Ne3 Rd8 18. Rad1 Rxd1 19. Rxd1 Bxa2 20. b4 Bb3 21.
Rc1 Nd7 22. Nxd7 Qxd7 23. c4 e6 24. Rb1 Qa4 25. Qd3 Ba2 26. Rd1 Qxb4 27. Ng4
Bxc4 28. Qe3 Bd5 29. h4 Qe4 30. Qg3 h5 31. Nh6+ Bxh6 32. Bxh6 Qg4 0-1

[Event "International Tournament "]
[Site "Paracin, Hotel "]
[Date "2017.07.13"]
[Round "8.32"]
[White "Jevtic, Sreten"]
[Black "Burovic, Rijad"]
[Result "1/2-1/2"]
[WhiteElo "2196"]
[BlackElo "2316"]
[PlyCount "140"]
[EventDate "2017.07.07"]

1. c4 d6 2. g3 g6 3. Bg2 Bg7 4. Nf3 Bd7 5. Nc3 Nc6 6. Rb1 a5 7. a3 Qc8 8. b4
axb4 9. axb4 Nf6 10. d3 Bh3 11. O-O h5 12. Bg5 Nh7 13. Bd2 h4 14. Nxh4 Bf6 15.
Nf3 Nf8 16. Nd5 Bxg2 17. Kxg2 Qh3+ 18. Kh1 Ne5 19. Nf4 Qh7 20. h4 Nxf3 21. exf3
e6 22. Kg2 g5 23. Nh3 gxh4 24. g4 Qxd3 25. Qc1 Ng6 26. Be3 Ne5 27. c5 d5 28.
Nf4 h3+ 29. Kh1 Qc4 30. Nh5 Be7 31. Qb2 f6 32. Rfc1 Nd3 33. Rxc4 Nxb2 34. Rxb2
dxc4 35. Rc2 Kf7 36. Kh2 Rhd8 37. Kxh3 Rd1 38. Kg2 Raa1 39. f4 f5 40. g5 Rg1+
41. Kf3 Kg6 42. Ng3 e5 43. fxe5 Bxg5 44. Rxc4 Ra3 45. Ne2 Rg4 46. Rxg4 fxg4+
47. Kxg4 Bxe3 48. fxe3 Rxe3 49. Nf4+ Kf7 50. Kf5 Rf3 51. e6+ Ke7 52. Ke5 Re3+
53. Kf5 Rf3 54. Ke5 Re3+ 55. Kf5 c6 56. Ng6+ Ke8 57. Kf6 Re1 58. Nh4 Rf1+ 59.
Ke5 Kd8 60. Nf5 Rd1 61. Kf6 Rf1 62. Ke5 Re1+ 63. Kf6 Rf1 64. Ke5 Rf2 65. Nd6
Ke7 66. Nc8+ Kd8 67. Nd6 Re2+ 68. Kf6 Rf2+ 69. Ke5 Re2+ 70. Kf6 Rf2+ 1/2-1/2

[Event "International Tournament "]
[Site "Paracin, Hotel "]
[Date "2017.07.13"]
[Round "8.33"]
[White "Radovic, Janko"]
[Black "Uzumcu, Ahmet Utku"]
[Result "1/2-1/2"]
[WhiteElo "2306"]
[BlackElo "2223"]
[PlyCount "37"]
[EventDate "2017.07.07"]

1. e4 c5 2. c3 Nf6 3. e5 Nd5 4. d4 cxd4 5. cxd4 d6 6. Nf3 Nc6 7. Bc4 dxe5 8.
dxe5 Ndb4 9. a3 Qxd1+ 10. Kxd1 Na6 11. h3 Bf5 12. Nc3 Nc7 13. Ke2 g6 14. Nb5
Nxb5 15. Bxb5 Be4 16. Bf4 Bg7 17. Rad1 O-O 18. Bxc6 Bxc6 19. Rc1 1/2-1/2

[Event "International Tournament "]
[Site "Paracin, Hotel "]
[Date "2017.07.13"]
[Round "8.34"]
[White "Yordanov, Lachezar"]
[Black "Injac, Teodora"]
[Result "1/2-1/2"]
[WhiteElo "2246"]
[BlackElo "2290"]
[Annotator "Balkanchess"]
[PlyCount "131"]
[EventDate "2017.07.07"]

1. b3 Nf6 2. Bb2 g6 3. e4 d6 4. g3 Bg7 5. Bg2 O-O 6. d4 e5 7. dxe5 dxe5 8. Qxd8
Rxd8 9. Bxe5 Re8 10. Bxf6 Bxf6 11. c3 Na6 12. Ne2 Nc5 13. f3 b5 14. Kd2 Bg7 15.
Na3 a6 16. Rad1 f5 17. b4 Na4 18. Nd4 fxe4 19. fxe4 Bg4 20. Rde1 Rad8 21. h3
Nxc3 22. Kxc3 Bxd4+ 23. Kc2 Be6 24. Kb1 Be5 25. Rd1 Bxg3 26. Nc2 Bf2 27. Rhf1
Bb6 28. Kb2 Bc4 29. Rfe1 Kg7 30. a3 Bf2 31. Rh1 Be2 32. Rxd8 Rxd8 33. e5 Bg3
34. e6 Bc4 35. Bb7 Bxe6 36. Bxa6 c6 37. Bb7 Bd5 38. Rd1 Rb8 39. Ba6 Be5+ 40.
Kc1 Rf8 41. Bxb5 Rf3 42. Bd3 Rxh3 43. a4 Bf3 44. Rg1 Bd5 45. Rd1 Bf3 46. Rg1
Bh5 47. Be4 Rc3 48. Kd2 Rb3 49. Bxc6 Bf4+ 50. Ke1 Rc3 51. Be4 Rc4 52. Bd3 Rc3
53. Be4 Rc7 54. Kf2 Bd6 55. Rb1 Re7 56. Bd3 Rf7+ 57. Ke3 Bf4+ 58. Kd4 Rd7+ 59.
Kc4 g5 60. Be4 Re7 61. Bd3 Bf7+ 62. Kb5 Re5+ 63. Kb6 Re6+ 64. Kc5 Re5+ 65. Kb6
Re6+ 66. Kc5 1/2-1/2

[Event "International Tournament "]
[Site "Paracin, Hotel "]
[Date "2017.07.13"]
[Round "8.35"]
[White "Lazov, Toni"]
[Black "Lazic, Ljubisa"]
[Result "1-0"]
[WhiteElo "2279"]
[BlackElo "2217"]
[PlyCount "81"]
[EventDate "2017.07.07"]

1. e4 c6 2. d4 d6 3. Nc3 Nf6 4. f4 d5 5. e5 Ng8 6. Nf3 Bf5 7. Bd3 e6 8. Bxf5
exf5 9. O-O Na6 10. Qd3 g6 11. b3 Nc7 12. Nd1 Ne6 13. c4 Bb4 14. Be3 Ne7 15. a3
Ba5 16. c5 Qd7 17. b4 Bd8 18. Nc3 O-O 19. Ne2 b6 20. Bf2 a5 21. h3 h5 22. Nh2
Kg7 23. Bh4 Ng8 24. Bxd8 Qxd8 25. Rfc1 axb4 26. axb4 Qc7 27. Nf3 Qb7 28. Ng5
Nxg5 29. fxg5 Ne7 30. e6 f6 31. gxf6+ Rxf6 32. Nf4 Rxa1 33. Rxa1 bxc5 34. bxc5
Qb8 35. Qg3 Kh7 36. Qg5 Ng8 37. e7 Qe8 38. Re1 Kh8 39. Re5 Kh7 40. Kh2 Kh8 41.
Nxg6+ 1-0

[Event "International Tournament "]
[Site "Paracin, Hotel "]
[Date "2017.07.13"]
[Round "8.36"]
[White "Zegarac, Vuk"]
[Black "Marholev, Dimitar"]
[Result "1/2-1/2"]
[WhiteElo "2276"]
[BlackElo "2177"]
[PlyCount "59"]
[EventDate "2017.07.07"]

1. d4 Nc6 2. Bg5 h6 3. Bh4 d5 4. Nc3 Bf5 5. e3 Qd7 6. Bd3 Nf6 7. Nf3 Bxd3 8.
cxd3 e6 9. O-O Be7 10. a3 O-O 11. b4 a6 12. Qb3 Rfc8 13. Rfc1 Ne8 14. Bxe7 Nxe7
15. Na4 Nd6 16. Rc2 a5 17. Ne5 Qe8 18. Rca2 b6 19. Rc1 Kh7 20. Nc3 axb4 21.
axb4 Rxa2 22. Qxa2 f6 23. Nf3 c5 24. bxc5 bxc5 25. dxc5 Rxc5 26. d4 Rc8 27.
Qb1+ Qg6 28. Qxg6+ Nxg6 29. Ne2 Rxc1+ 30. Nxc1 1/2-1/2

[Event "International Tournament "]
[Site "Paracin, Hotel "]
[Date "2017.07.13"]
[Round "8.37"]
[White "Taylor, Adam C"]
[Black "Kucumenler, Tarkan"]
[Result "1-0"]
[WhiteElo "2265"]
[BlackElo "2004"]
[Annotator "Balkanchess"]
[PlyCount "35"]
[EventDate "2017.07.07"]

1. e4 c5 2. Nf3 d6 3. Nc3 Nf6 4. Bc4 e6 5. O-O Be7 6. d3 O-O 7. Re1 Nc6 8. a3
b6 9. Ba2 Bb7 10. Ne2 Qc7 11. Bf4 Ne5 12. Ng3 Rfe8 13. h4 Nfg4 14. Ng5 Bf8 15.
Bxe5 Nxe5 16. b4 h6 17. Nf3 Nxf3+ 18. Qxf3 {unreadable} 1-0

[Event "International Tournament "]
[Site "Paracin, Hotel "]
[Date "2017.07.13"]
[Round "8.38"]
[White "Milosevic, Milos"]
[Black "Karaahmetoglu, Ege"]
[Result "1-0"]
[WhiteElo "2263"]
[BlackElo "2034"]
[PlyCount "65"]
[EventDate "2017.07.07"]

1. e4 e5 2. Nc3 Nc6 3. f4 d6 4. Nf3 g6 5. Bc4 Bg7 6. O-O Nf6 7. d3 h6 8. Qe1
Bg4 9. Ng5 hxg5 10. fxg5 Nd4 11. gxf6 Bh6 12. Bxh6 Rxh6 13. h3 Bxh3 14. Qe3 Rh5
15. gxh3 Qd7 16. Kg2 Nxc2 17. Qg3 Nxa1 18. Rxa1 O-O-O 19. Nd5 Rdh8 20. Ne7+ Kb8
21. Rh1 Qa4 22. a3 Qc2+ 23. Qf2 Rg5+ 24. Kf3 Qxf2+ 25. Kxf2 Rh4 26. Ke1 Rg3 27.
Bxf7 Rf4 28. Ng8 Rxd3 29. Bxg6 Rff3 30. Rh2 Rfe3+ 31. Re2 Rxh3 32. f7 Rdf3 33.
Bf5 1-0

[Event "International Tournament "]
[Site "Paracin, Hotel "]
[Date "2017.07.13"]
[Round "8.39"]
[White "Sukovic, Andrej"]
[Black "Stathopoulos, Ioannis"]
[Result "0-1"]
[WhiteElo "2150"]
[BlackElo "2343"]
[PlyCount "62"]
[EventDate "2017.07.07"]

1. e4 c5 2. Nf3 d6 3. d4 cxd4 4. Nxd4 Nf6 5. Nc3 a6 6. Bc4 e6 7. Bb3 Nbd7 8. f4
Nc5 9. f5 Bd7 10. O-O Be7 11. Qe2 Qc7 12. fxe6 fxe6 13. Bf4 e5 14. Bg5 exd4 15.
Rxf6 dxc3 16. Qh5+ Kd8 17. Rf7 Bxg5 18. Qxg5+ Kc8 19. Raf1 Kb8 20. Qxg7 Ka7 21.
Qxc3 Qb6 22. Kh1 Nxb3 23. Rxd7 Nc5 24. Re7 Rhf8 25. Rxf8 Rxf8 26. h3 Na4 27.
Qc7 Rf1+ 28. Kh2 Qg1+ 29. Kg3 Qf2+ 30. Kh2 Qf4+ 31. g3 Qf2# 0-1

[Event "International Tournament "]
[Site "Paracin, Hotel "]
[Date "2017.07.13"]
[Round "8.40"]
[White "Banzea, Alexandru-Bogdan"]
[Black "Peycheva, Gergana"]
[Result "1-0"]
[WhiteElo "2300"]
[BlackElo "2161"]
[PlyCount "77"]
[EventDate "2017.07.07"]

1. e4 c5 2. Nf3 e6 3. d4 cxd4 4. Nxd4 Nc6 5. Nc3 Qc7 6. f4 a6 7. Nxc6 Qxc6 8.
Bd3 b5 9. Qe2 Bb7 10. Bd2 Bb4 11. a3 Be7 12. O-O-O Rc8 13. Kb1 b4 14. axb4 Bxb4
15. Rhf1 Nf6 16. g4 O-O 17. e5 Bxc3 18. Bxc3 Nd5 19. Bd2 d6 20. c4 Nb6 21. exd6
Qxd6 22. Bc3 Qc7 23. b3 Nd7 24. Bc2 Rfd8 25. f5 e5 26. g5 Re8 27. f6 g6 28. h4
Nf8 29. h5 Rcd8 30. Rxd8 Qxd8 31. hxg6 hxg6 32. Qh2 Qa8 33. Qh6 Ne6 34. Rf2 Bg2
35. Kb2 Rf8 36. Bxg6 fxg6 37. Qxg6+ Kh8 38. Qh6+ Kg8 39. g6 1-0

[Event "International Tournament "]
[Site "Paracin, Hotel "]
[Date "2017.07.13"]
[Round "8.41"]
[White "Trifunovic, Miroljub"]
[Black "Bozbey, Ali"]
[Result "1/2-1/2"]
[WhiteElo "2269"]
[BlackElo "2139"]
[PlyCount "83"]
[EventDate "2017.07.07"]

1. d4 d6 2. e4 Nf6 3. Bd3 g6 4. c3 Bg7 5. Nf3 O-O 6. O-O Re8 7. h3 e5 8. Re1 c6
9. Bg5 Nbd7 10. Nbd2 Qc7 11. a4 h6 12. Be3 b6 13. Qc2 a6 14. Bf1 Bb7 15. Rad1
exd4 16. cxd4 c5 17. Bf4 Rad8 18. Bh2 Qc8 19. d5 Bf8 20. Bc4 Ne5 21. Nxe5 dxe5
22. f4 Bd6 23. fxe5 Bxe5 24. Bxe5 Rxe5 25. Qc3 Rde8 26. Qf3 Nxd5 27. Rf1 Qd7
28. Bxd5 Bxd5 29. exd5 Rxd5 30. Nc4 Rxd1 31. Qxd1 Qe6 32. Qb3 b5 33. axb5 axb5
34. Nd2 c4 35. Qxb5 Re7 36. Nf3 Rd7 37. Qb4 Kg7 38. Ne5 Rb7 39. Qc3 Rb3 40.
Qxc4 Qxc4 41. Nxc4 Rb4 42. Rc1 1/2-1/2

[Event "International Tournament "]
[Site "Paracin, Hotel "]
[Date "2017.07.13"]
[Round "8.42"]
[White "Eric, Jovana"]
[Black "Grujic, Nebojsa"]
[Result "1-0"]
[WhiteElo "2262"]
[BlackElo "2152"]
[PlyCount "91"]
[EventDate "2017.07.07"]

1. e4 e6 2. d4 d5 3. Nc3 Bb4 4. Qd3 Ne7 5. Bd2 b6 6. Nge2 Ba6 7. Qf3 dxe4 8.
Qxe4 Nbc6 9. a3 Bxc3 10. Bxc3 O-O 11. O-O-O Qd5 12. Qg4 Qf5 13. Qg3 Nd5 14. h4
Rab8 15. h5 h6 16. Bd2 Kh8 17. Rh4 Rg8 18. Nc3 Nxc3 19. Qxc3 Bxf1 20. Rxf1 Ne7
21. g4 Qf6 22. g5 hxg5 23. Rg4 Nd5 24. Qg3 Nf4 25. Re1 Qxd4 26. Rxg5 f6 27. Rg4
e5 28. Bxf4 exf4 29. Rxf4 Qd5 30. Kb1 Rbe8 31. Rg1 Re2 32. Qg6 Qe5 33. h6 Re1+
34. Rxe1 Qxe1+ 35. Ka2 Qh1 36. hxg7+ Rxg7 37. Qxf6 Qd5+ 38. c4 Qd6 39. Qh4+ Kg8
40. Rd4 Qe7 41. Rd8+ Kf7 42. Qf4+ Kg6 43. Rh8 Qg5 44. Qe4+ Kf6 45. f4 Qc5 46.
Rh6+ 1-0

[Event "International Tournament "]
[Site "Paracin, Hotel "]
[Date "2017.07.13"]
[Round "8.44"]
[White "Zarkovic, Mila"]
[Black "Raykov, Stefan"]
[Result "1-0"]
[WhiteElo "2255"]
[BlackElo "2103"]
[PlyCount "89"]
[EventDate "2017.07.07"]

1. e4 c5 2. Nf3 e6 3. d4 cxd4 4. Nxd4 Nc6 5. Nc3 Qc7 6. Be2 a6 7. O-O Nf6 8.
Be3 b5 9. Nxc6 dxc6 10. a3 Bb7 11. f4 c5 12. e5 Rd8 13. Qe1 Ne4 14. Nxe4 Bxe4
15. c4 Qc6 16. cxb5 axb5 17. Qa5 c4 18. a4 Bxg2 19. Rfd1 Rb8 20. axb5 Qb7 21.
Bxc4 Bh3 22. Qd2 Bb4 23. Qe2 O-O 24. Ra4 Rfd8 25. Bd3 Ra8 26. Rxa8 Qxa8 27. b6
g6 28. Bc2 Rc8 29. Bb1 h5 30. Qf2 Qa4 31. Rd4 Qc6 32. Rxb4 Rd8 33. Bc2 Qa8 34.
Ra4 Qc6 35. Rd4 Rc8 36. Rd2 h4 37. Bd1 Qe4 38. Bf3 Rc1+ 39. Rd1 Rxd1+ 40. Bxd1
Qd3 41. Qe2 Qd5 42. Qf3 Qd8 43. b7 g5 44. fxg5 Kg7 45. Qf6+ 1-0

[Event "International Tournament "]
[Site "Paracin, Hotel "]
[Date "2017.07.13"]
[Round "8.45"]
[White "Budimir, Boris"]
[Black "Krstic, Milos"]
[Result "1-0"]
[WhiteElo "2233"]
[BlackElo "2090"]
[PlyCount "163"]
[EventDate "2017.07.07"]

1. e4 e5 2. Nf3 Nf6 3. Nc3 Bb4 4. d3 O-O 5. Bd2 d6 6. Be2 c6 7. O-O Nbd7 8. a3
Bxc3 9. Bxc3 Re8 10. Re1 Nf8 11. h3 Ng6 12. Bf1 c5 13. Bd2 d5 14. c3 b6 15. Bg5
Bb7 16. Qc2 h6 17. Bd2 c4 18. exd5 Bxd5 19. Nh2 cxd3 20. Qxd3 e4 21. Qd4 Rc8
22. Be3 Ne5 23. Ba6 Rc7 24. Bf4 Rce7 25. Bxe5 Rxe5 26. Bb5 Nd7 27. c4 Be6 28.
Rad1 Qc7 29. Rxe4 Rxe4 30. Qxe4 Nf6 31. Qd4 Rc8 32. Ba6 Re8 33. Nf3 Bf5 34. Bb5
Rc8 35. Qe5 Be6 36. Ba6 Qxe5 37. Nxe5 Rc5 38. f4 Nh5 39. Rd8+ Kh7 40. Nd7 Bxd7
41. Rxd7 Ra5 42. Bb7 Nxf4 43. Rxf7 Nd3 44. Be4+ Kg8 45. Rd7 Ne5 46. Rd5 Rxd5
47. Bxd5+ Kf8 48. Kf1 Nd3 49. b4 Ke7 50. Ke2 Nf4+ 51. Ke3 g5 52. Kd4 Kd7 53.
Ke5 a5 54. Be4 axb4 55. axb4 Kc7 56. c5 bxc5 57. bxc5 Kd7 58. Kf6 Kc7 59. Kf7
Kd8 60. Kf6 Kc7 61. Kf5 Kd7 62. Ke5 Kc7 63. h4 Ne2 64. hxg5 hxg5 65. Bf3 Ng3
66. Bd5 Nf1 67. Kf6 Ne3 68. Be4 g4 69. Ke5 g3 70. Kf4 Nf1 71. Bd5 Kd7 72. Ke4
Kc7 73. Bc4 Nd2+ 74. Kd3 Nf3 75. Bd5 Nh2 76. Ke2 Kd7 77. Bf3 Kc7 78. Ke3 Nf1+
79. Kd3 Kd7 80. Be2 Nh2 81. Ke4 Kc6 82. Kf4 1-0

[Event "International Tournament "]
[Site "Paracin, Hotel "]
[Date "2017.07.13"]
[Round "8.46"]
[White "Tisma, Ivan"]
[Black "Krasteva, Beloslava"]
[Result "0-1"]
[WhiteElo "2221"]
[BlackElo "1933"]
[PlyCount "124"]
[EventDate "2017.07.07"]

1. c4 e6 2. Nf3 d5 3. d4 Nf6 4. g3 Be7 5. Bg2 O-O 6. O-O dxc4 7. Ne5 Nc6 8.
Nxc6 bxc6 9. Na3 Bxa3 10. bxa3 Ba6 11. Bxc6 Rb8 12. Qa4 Rb6 13. Bf3 Qd7 14. Qa5
Qb5 15. Qc3 Bb7 16. a4 Qxa4 17. Ba3 Rb8 18. Bc5 Rb5 19. Bxb7 R8xb7 20. Rfc1 Ne4
21. Qxc4 Qxc4 22. Rxc4 Nxc5 23. dxc5 Kf8 24. Rd1 Rb1 25. Rxb1 Rxb1+ 26. Kg2 Rb5
27. Kf3 Ke7 28. Ke3 Kd7 29. a4 Rb2 30. f3 Kc6 31. Kd3 a5 32. h4 Rb3+ 33. Ke4
Rb8 34. Ke5 Rb2 35. e3 Rd2 36. e4 Rd3 37. Kf4 Rb3 38. g4 Rb4 39. Rc1 Rxa4 40.
h5 Ra3 41. g5 Rb3 42. g6 hxg6 43. hxg6 f6 44. Ra1 Kb5 45. Rd1 Kc6 46. Rd8 a4
47. Ra8 a3 48. Ra5 Rc3 49. Kg4 Rxc5 50. Rxa3 Rg5+ 51. Kf4 e5+ 52. Ke3 Rxg6 53.
Rc3+ Kd7 54. Rd3+ Kc8 55. Rc3 Rg1 56. Kd3 Rd1+ 57. Kc4 Kd7 58. Kc5 Rd6 59. Ra3
Rc6+ 60. Kd5 Rc1 61. Ra7 Rc3 62. Rb7 Rxf3 0-1

[Event "International Tournament "]
[Site "Paracin, Hotel "]
[Date "2017.07.13"]
[Round "8.47"]
[White "Kuzmanovic, Slobodan"]
[Black "Tanriverdi, Enes"]
[Result "0-1"]
[WhiteElo "2144"]
[BlackElo "2203"]
[PlyCount "98"]
[EventDate "2017.07.07"]

1. c4 Nf6 2. Nf3 g6 3. b3 Bg7 4. Bb2 O-O 5. g3 d6 6. d4 c6 7. Bg2 Nbd7 8. O-O
Qc7 9. Nc3 Re8 10. e4 e5 11. d5 c5 12. Ne1 Nf8 13. Nd3 g5 14. f3 Ng6 15. Nf2 a6
16. Bh3 Bxh3 17. Nxh3 h6 18. Nf2 Qd7 19. a4 Rf8 20. Ng4 Kh7 21. Nxf6+ Bxf6 22.
Kg2 Bg7 23. Qd3 f5 24. exf5 Rxf5 25. Ne4 Raf8 26. Rae1 Kg8 27. Bc3 b6 28. a5 b5
29. b4 bxc4 30. Qxc4 g4 31. fxg4 Nh4+ 32. Kh3 h5 33. Rxf5 hxg4+ 34. Kxh4 Qxf5
35. Ng5 Rf6 36. Qxg4 Rh6+ 37. Qh5 Rxh5+ 38. Kxh5 Bf6 39. Bd2 Qf2 40. Ne4 Qf5+
41. Bg5 Bxg5 42. Nxg5 cxb4 43. Re4 b3 44. Rb4 Qc2 45. Kh6 Kf8 46. Ne6+ Ke7 47.
Kg7 Kd7 48. Rb7+ Kc8 49. Rb6 b2 0-1

[Event "International Tournament "]
[Site "Paracin, Hotel "]
[Date "2017.07.13"]
[Round "8.48"]
[White "Dimitrijevic, Nenad"]
[Black "Arda, Cagil Irmak"]
[Result "1-0"]
[WhiteElo "2201"]
[BlackElo "2080"]
[PlyCount "55"]
[EventDate "2017.07.07"]

1. d4 Nf6 2. Bf4 e6 3. e3 d5 4. Nf3 Bd6 5. Bg3 O-O 6. Nbd2 c5 7. c3 Qc7 8. dxc5
Bxg3 9. hxg3 Qxc5 10. Bd3 h6 11. Qe2 Nbd7 12. e4 Qb6 13. O-O-O Nc5 14. Ne5
Nxd3+ 15. Nxd3 d4 16. c4 Qa5 17. e5 Nd7 18. Kb1 b5 19. Rxh6 gxh6 20. Qg4+ Kh7
21. Qe4+ Kg7 22. Qxa8 Nb6 23. Qe4 bxc4 24. Nf4 Na4 25. Nh5+ Kh8 26. Nf6 Nc3+
27. bxc3 Qb5+ 28. Ka1 1-0

[Event "International Tournament "]
[Site "Paracin, Hotel "]
[Date "2017.07.13"]
[Round "8.49"]
[White "Gordon, Evgeny"]
[Black "Budisavljevic, Luka"]
[Result "0-1"]
[WhiteElo "1942"]
[BlackElo "2196"]
[PlyCount "86"]
[EventDate "2017.07.07"]

1. d4 Nf6 2. c4 e6 3. Nc3 c5 4. d5 exd5 5. cxd5 d6 6. Nf3 g6 7. Nd2 Bg7 8. Nc4
O-O 9. Bf4 Ne8 10. Qd2 b6 11. a4 Ba6 12. Nb5 Bxb5 13. axb5 Nd7 14. e3 Ne5 15.
Bxe5 Bxe5 16. Nxe5 dxe5 17. Bc4 Nd6 18. b3 Qd7 19. Qe2 e4 20. O-O a6 21. Qb2
axb5 22. Be2 Ra5 23. b4 Ra4 24. Rxa4 bxa4 25. bxc5 bxc5 26. Qc3 Rc8 27. f3 exf3
28. Bxf3 f5 29. g4 fxg4 30. Bg2 Qg7 31. Qa5 Qe5 32. Qxa4 Qxe3+ 33. Kh1 Rf8 34.
Qxg4 Rxf1+ 35. Bxf1 c4 36. Qh4 g5 37. Qg3 Qe4+ 38. Kg1 Qd4+ 39. Qf2 Qxd5 40. h4
c3 41. Bg2 Qd1+ 42. Kh2 c2 43. Qf6 c1=Q 0-1

[Event "International Tournament "]
[Site "Paracin, Hotel "]
[Date "2017.07.13"]
[Round "8.50"]
[White "Kisic, Bozidar"]
[Black "Dogan, Mire Deniz"]
[Result "1-0"]
[WhiteElo "2224"]
[BlackElo "2075"]
[PlyCount "59"]
[EventDate "2017.07.07"]

1. d4 e6 2. c4 Nf6 3. Nc3 d5 4. cxd5 exd5 5. Bg5 Be7 6. e3 O-O 7. Bd3 h6 8. Bh4
Re8 9. Nge2 c6 10. O-O Ne4 11. Bxe7 Qxe7 12. Bxe4 dxe4 13. Ng3 f5 14. Qh5 Qf7
15. Qxf7+ Kxf7 16. f3 exf3 17. Rxf3 Kg8 18. Re1 g6 19. h4 h5 20. e4 b5 21. Kf2
b4 22. Na4 fxe4 23. Nxe4 Nd7 24. Nac5 Kg7 25. Rf7+ Kxf7 26. Nd6+ Kg7 27. Rxe8
Nb6 28. Nce4 Bg4 29. Re7+ Kh6 30. Ng5 1-0

[Event "International Tournament "]
[Site "Paracin, Hotel "]
[Date "2017.07.13"]
[Round "8.51"]
[White "Aleksic, Neven"]
[Black "Martic, Ivan"]
[Result "1/2-1/2"]
[WhiteElo "2097"]
[BlackElo "2356"]
[PlyCount "69"]
[EventDate "2017.07.07"]

1. d4 Nf6 2. c4 g6 3. Nc3 Bg7 4. e4 d6 5. Nf3 O-O 6. Be2 e5 7. Be3 c6 8. Qd2
Nbd7 9. Rd1 Re8 10. d5 cxd5 11. cxd5 Ng4 12. Bg5 f6 13. Bh4 a6 14. h3 Nh6 15.
O-O b5 16. a3 Nb6 17. Na2 Nf7 18. Nb4 Na4 19. Nc6 Qb6 20. Qb4 Bd7 21. b3 a5 22.
Qxb5 Qxb5 23. Bxb5 Nc3 24. a4 Nxe4 25. Nd2 Nc3 26. Nc4 Nxd1 27. Rxd1 Bf5 28.
N6xa5 Rf8 29. f3 h5 30. g4 hxg4 31. hxg4 Bc2 32. Rd2 Bb1 33. Rd1 Bc2 34. Rd2
Bb1 35. Rd1 1/2-1/2

[Event "International Tournament "]
[Site "Paracin, Hotel "]
[Date "2017.07.13"]
[Round "8.63"]
[White "Maksimovic, Masa"]
[Black "Jovovic, Jovan"]
[Result "1-0"]
[WhiteElo "2094"]
[BlackElo "1749"]
[PlyCount "73"]
[EventDate "2017.07.07"]

1. e4 e6 2. d4 d5 3. Nc3 Nf6 4. Bg5 Be7 5. e5 Nfd7 6. Bxe7 Qxe7 7. Nb5 Nb6 8.
c3 a6 9. Na3 c5 10. Nc2 O-O 11. f4 Nc6 12. Nf3 cxd4 13. cxd4 f6 14. Bd3 Bd7 15.
O-O Rac8 16. Qe1 f5 17. Kh1 Nd8 18. Ne3 Nc6 19. a3 Na7 20. Rg1 Bb5 21. Bb1 Nc4
22. Nxc4 dxc4 23. d5 exd5 24. Nd4 g6 25. g4 fxg4 26. Rxg4 Kh8 27. Qg3 Nc6 28.
Nf3 Nd8 29. Nh4 Be8 30. f5 Rg8 31. fxg6 Bd7 32. Bf5 Ne6 33. gxh7 Rxg4 34. Qxg4
Qg7 35. Ng6+ Kxh7 36. Ne7+ Kh8 37. Qh5+ 1-0